| 000 | 00712nam a2200253 a 4500 | ||
|---|---|---|---|
| 001 | 54984 | ||
| 003 | BD-RjUL | ||
| 005 | 20211209080210.0 | ||
| 008 | 161113s1996 ii ||||| |||| 00| 0 eng d | ||
| 020 | _a8185375399 | ||
| 020 | _a8185375402 | ||
| 035 | _a(BD-RjUL)55106 | ||
| 040 |
_aBD-RjUL _beng _cBD-RjUL _dBD-RjUL |
||
| 041 | _aeng | ||
| 082 |
_a639.2 _bBIT 1996 _223 |
||
| 100 | 1 |
_a Biswas ,Kamakhya Pada. _946589 |
|
| 245 | 1 | 0 |
_aA Text Book of Fish, Fisheries & Technology / _cK. P. Biswas |
| 250 | _a2nd ed. | ||
| 260 |
_aDelhi : _bNarendra Pub. House BIS , _c1996. |
||
| 300 |
_axi, 578 p. : _bill. ; _c22 cm. |
||
| 650 |
_aFisheries _9164194 |
||
| 651 | _2 Fisheries & Technology. | ||
| 942 |
_2ddc _cBK |
||
| 999 |
_c54984 _d54984 |
||